Départements of France - Statistics

General Stats
  • This quiz has been taken 9,757 times
  • The average score is 39 of 101
Answer Stats
# Answer Capital city % Correct
01 Ain Bourg-en-Bresse
83%
42 Loire Saint-Étienne
70%
02 Aisne Laon
66%
06 Alpes-Maritimes Nice
61%
75 Paris Paris
59%
29 Finistère Quimper
58%
13 Bouches-du-Rhône Marseille
57%
03 Allier Moulins
56%
20B Haute-Corse Bastia
56%
59 Nord Lille
56%
07 Ardèche Privas
53%
20A Corse-du-Sud Ajaccio
53%
11 Aude Carcassonne
52%
14 Calvados Caen
52%
16 Charente Angoulême
52%
05 Hautes-Alpes Gap
52%
10 Aube Troyes
50%
17 Charente Maritime La Rochelle
49%
33 Gironde Bordeaux
49%
08 Ardennes Charleville-Mézières
48%
22 Côtes-d'Armor Saint-Brieuc
48%
69 Rhône Lyon
48%
45 Loiret Orléans
47%
21 Côte-d'Or Dijon
46%
04 Alpes-de-Haute-Provence Digne-les-Bains
45%
18 Cher Bourges
45%
44 Loire-Atlantique Nantes
45%
09 Ariège Foix
44%
12 Aveyron Rodez
44%
15 Cantal Aurillac
44%
30 Gard Nîmes
44%
62 Pas-de-Calais Arras
44%
19 Corrèze Tulle
43%
27 Eure Évreux
43%
34 Hérault Montpellier
43%
35 Ille-et-Vilaine Rennes
43%
67 Bas-Rhin Strasbourg
42%
23 Creuse Guéret
42%
38 Isère Grenoble
42%
25 Doubs Besançon
41%
68 Haut-Rhin Colmar
41%
73 Savoie Chambéry
41%
24 Dordogne Périgueux
40%
26 Drôme Valence
40%
31 Haute-Garonne Toulouse
40%
74 Haute-Savoie Annecy
40%
41 Loir-et-Cher Blois
40%
56 Morbihan Vannes
40%
51 Marne Châlons-en-Champagne
39%
57 Moselle Metz
39%
36 Indre Châteauroux
38%
39 Jura Lons-le-Saunier
38%
46 Lot Cahors
38%
93 Seine-Saint-Denis Bobigny
38%
28 Eure-et-Loir Chartres
37%
32 Gers Auch
36%
43 Haute-Loire Le Puy-en-Velay
36%
37 Indre-et-Loire Tours
36%
40 Landes Mont-de-Marsan
36%
83 Var Toulon
36%
78 Yvelines Versailles
36%
972 Martinique Fort-de-France
35%
60 Oise Beauvais
35%
971 Guadeloupe Basse-Terre
34%
47 Lot-et-Garonne Agen
34%
50 Manche Saint-Lô
34%
54 Meurthe-et-Moselle Nancy
34%
64 Pyrénées-Atlantiques Pau
33%
77 Seine-et-Marne Melun
33%
66 Pyrénées Orientales Perpignan
32%
973 Guyane Cayenne
31%
53 Mayenne Laval
31%
55 Meuse Bar-le-Duc
30%
81 Tarn Albi
30%
91 Essonne Évry
28%
52 Haute-Marne Chaumont
28%
92 Hauts-de-Seine Nanterre
28%
976 Mayotte Mamoudzou
28%
63 Puy-de-Dôme Clermont-Ferrand
28%
76 Seine-Maritime Rouen
28%
48 Lozère Mende
27%
49 Maine-et-Loire Angers
27%
85 Vendée La Roche-sur-Yon
27%
80 Somme Amiens
26%
84 Vaucluse Avignon
26%
65 Hautes-Pyrénées Tarbes
25%
61 Orne Alençon
25%
72 Sarthe Le Mans
25%
94 Val-de-Marne Créteil
25%
95 Val-d'Oise Pontoise
25%
58 Nièvre Nevers
24%
974 Réunion Saint-Denis
24%
82 Tarn-et-Garonne Montauban
24%
71 Saône-et-Loire Mâcon
23%
88 Vosges Épinal
23%
90 Territoire de Belfort Belfort
22%
86 Vienne Poitiers
22%
70 Haute-Saône Vesoul
20%
89 Yonne Auxerre
20%
79 Deux-Sèvres Niort
19%
87 Haute-Vienne Limoges
18%
No matching quizzes found
Score Distribution
Percent of People with Each Score
Percentile by Number Answered
Your Score History
You have not taken this quiz